[Event "TUR-chT Superleague 2018"]
[Site "Ankara"]
[Date "2018.08.03"]
[Round "10"]
[White "Dastan, Muhammed Batuhan"]
[Black "Kilic, Efe Mert"]
[Result "1-0"]
[WhiteElo "2552"]
[BlackElo "2317"]
[Annotator "ChessBase"]
[PlyCount "101"]
[EventDate "2018.07.25"]
[EventType "team-tourn"]
[EventCountry "TUR"]
[SourceTitle "playchess.com"]
[Source "ChessBase"]
[SourceQuality "1"]
[TimeControl "40/5400+30:1800+30"]

1. e4 {[%emt 0:00:30]} d6 {[%emt 0:00:30]} 2. d4 {[%emt 0:00:30]} Nf6 {[%emt 0:00:00]} 3. Nc3 {[%emt 0:00:00]} e5 {[%emt 0:00:00]} 4. Nf3 {[%emt 0:03:00]} exd4 {[%emt 0:00:00]} 5. Nxd4 {[%emt 0:00:30]} Be7 {[%emt 0:00:00]} 6. Bf4 {[%emt 0:00:30]} O-O {[%emt 0:03:30]} 7. Qd2 {[%emt 0:01:30]} Nc6 {[%emt 0:00:30]} 8. O-O-O {[%emt 0:00:30]} Nxd4 {[%emt 0:02:30]} 9. Qxd4 {[%emt 0:00:30]} Be6 {[%emt 0:05:30]} 10. f3 {[%emt 0:07:30]} a6 {[%emt 0:14:30]} 11. Kb1 {[%emt 0:06:30]} Re8 {[%emt 0:04:30]} 12. g4 {[%emt 0:03:30]} c5 {[%emt 0:06:30]} 13. Qd2 {[%emt 0:01:30]} b5 {[%emt 0:00:30]} 14. g5 {[%emt 0:07:30]} Nd7 {[%emt 0:03:30]} 15. Bxd6 {[%emt 0:05:30]} Bxg5 {[%emt 0:16:30]} 16. f4 {[%emt 0:00:30]} Bh6 {[%emt 0:00:00]} 17. Qg2 {[%emt 0:00:30]} b4 {[%emt 0:03:00]} 18. Na4 {[%emt 0:00:30]} Nb6 {[%emt 0:09:30]} 19. Nxb6 {[%emt 0:03:30]} Qxb6 {[%emt 0:00:30]} 20. Qf3 {[%emt 0:05:30]} Rad8 {[%emt 0:03:30]} 21. e5 {[%emt 0:00:30]} g6 {[%emt 0:00:30]} 22. Bd3 {[%emt 0:05:30]} f5 {[%emt 0:01:30]} 23. b3 {[%emt 0:09:30]} Bf8 {[%emt 0:00:30]} 24. Bxf8 {[%emt 0:00:30]} Kxf8 {[%emt 0:00:30]} 25. Qh3 {[%emt 0:09:30]} Kg8 {[%emt 0:01:30]} 26. Rhg1 {[%emt 0:00:30]} Rd4 {[%emt 0:08:02]} 27. Qh6 {[%emt 0:07:30]} Red8 {[%emt 0:04:58]} 28. Rxg6+ {[%emt 0:13:36]} hxg6 {[%emt 0:00:30]} 29. Qxg6+ {[%emt 0:00:30]} Kf8 {[%emt 0:00:00]} 30. Rg1 {[%emt 0:00:22]} Ke7 {[%emt 0:03:44]} 31. Qf6+ {[%emt 0:00:10]} Kd7 {[%emt 0:00:44]} 32. Rg7+ {[%emt 0:03:03]} Kc8 {[%emt 0:00:30]} 33. Re7 {[%emt 0:00:00]} Rxd3 {[%emt 0:06:39]} 34. cxd3 {[%emt 0:00:35]} c4 {[%emt 0:00:05]} 35. Qxe6+ {[%emt 0:00:51]} Qxe6 {[%emt 0:00:30]} 36. Rxe6 {[%emt 0:00:00]} cxb3 {[%emt 0:00:17]} 37. Rc6+ {[%emt 0:02:29]} Kb7 {[%emt 0:00:50]} 38. Rd6 {[%emt 0:00:01]} bxa2+ {[%emt 0:00:24]} 39. Kxa2 {[%emt 0:00:30]} Rh8 {[%emt 0:00:00]} 40. Kb3 {[%emt 0:00:00]} a5 {[%emt 0:00:00]} 41. Rd5 {[%emt 0:05:53]} Kc6 {[%emt 0:04:47]} 42. Rxa5 {[%emt 0:00:30]} Rxh2 {[%emt 0:00:00]} 43. Kxb4 {[%emt 0:00:30]} Rf2 {[%emt 0:01:00]} 44. Rc5+ {[%emt 0:00:30]} Kd7 {[%emt 0:00:00]} 45. Rc4 {[%emt 0:00:30]} Ke6 {[%emt 0:01:00]} 46. Kc5 {[%emt 0:00:30]} Ra2 {[%emt 0:00:30]} 47. Rb4 {[%emt 0:00:30]} Rf2 {[%emt 0:00:30]} 48. Ra4 {[%emt 0:01:30]} Rf1 {[%emt 0:00:30]} 49. Ra6+ {[%emt 0:00:30]} Ke7 {[%emt 0:00:30]} 50. d4 {[%emt 0:00:30]} Rxf4 {[%emt 0:00:00]} 51. d5 {[%emt 0:00:00]} 1-0

[Event "TUR-chT Superleague 2018"]
[Site "Ankara"]
[Date "2018.08.03"]
[Round "10"]
[White "Heberla, Bartlomiej"]
[Black "Keler, Faruk"]
[Result "1-0"]
[WhiteElo "2544"]
[BlackElo "2286"]
[Annotator "TA"]
[PlyCount "73"]
[EventDate "2018.07.25"]
[EventType "team-tourn"]
[EventCountry "TUR"]
[SourceTitle "playchess.com"]
[Source "ChessBase"]
[SourceQuality "1"]

{[%evp 18,73,0,-2,35,26,39,39,33,33,39,35,36,33,41,0,0,0,0,0,10,16,12,9,16,0,14,12,56,8,5,0,0,0,0,0,0,-2,0,0,0,0,0,0,47,0,127,127,120,125,120,146,464,487,630,618,29978,12847]} 1. Nf3 d5 2. g3 Nf6 3. Bg2 c6 4. O-O Bg4 5. c4 e6 6. cxd5 Bxf3 7. Bxf3 cxd5 8. Nc3 Nc6 9. d3 Be7 10. e4 {LiveBook: 32 Games. A11: English Opening: 1...c6} (10. d4 O-O 11. e3 Rc8 12. Bd2 Nd7 13. Qe2 Nb6 14. Rfd1 Qd7 15. Be1 Rfd8 16. Rac1 a6 17. Bg2 Rc7 18. h4 h6 19. Qc2 {½-½ (19) Cordova,E (2655)-Matlakov,M (2701) Moscow 2017}) 10... O-O (10... d4 {with more complications.} 11. Nb1 O-O 12. Be2 Nd7 13. f4 Rc8) 11. exd5 Nxd5 $146 ({Predecessor:} 11... exd5 12. d4 h6 13. Be3 Qd7 14. Rc1 Rfd8 15. a3 Qf5 16. Bg2 a6 17. Na4 Ne4 {½-½ (42) Gleizerov,E (2420)-Nikolic,N (2390) Cheliabinsk 1989}) 12. Nxd5 {White is slightly better.} exd5 13. Be3 Bg5 14. Qb3 Bxe3 15. fxe3 Qg5 16. Bxd5 Qxe3+ 17. Kh1 {[%cal Rd5f7]} Qe7 18. Rf4 Rad8 19. Raf1 {[%cal Rf4f7]} Ne5 20. d4 Qd7 $1 21. Bg2 Ng6 22. Rf5 b6 23. h4 (23. Bd5 {keeps more tension.} Nh8 24. Qf3 Rc8 25. Rf2 Rce8 26. h4) 23... Nh8 24. R5f4 Ng6 25. R4f3 (25. R4f2 {feels hotter.} Nh8 26. Rf4) 25... Nh8 26. d5 Ng6 27. Re3 f6 28. Re6 Rfe8 29. Rfe1 Rxe6 30. Rxe6 Re8 31. h5 (31. Bh3 $5 {[%cal Rd5d6]} Rd8 32. d6 $14) 31... Nf8 (31... Ne5 $11) 32. Rxe8 $16 Qxe8 33. d6+ {[%cal Bd5d6,Bd6d7][%mdl 32]} Kh8 34. Qd5 Qd8 $2 {[%mdl 8192] [#]} (34... g6 $16 {is tougher.}) 35. Bh3 $18 f5 36. Bxf5 Qg5 37. d7 {Precision: White = 62%, Black = 41%.} 1-0

[Event "TUR-chT Superleague 2018"]
[Site "Ankara"]
[Date "2018.08.03"]
[Round "10"]
[White "Ali Marandi, Cemil Can"]
[Black "Gledura, Benjamin"]
[Result "1/2-1/2"]
[WhiteElo "2540"]
[BlackElo "2626"]
[Annotator "TA"]
[PlyCount "62"]
[EventDate "2018.07.25"]
[EventType "team-tourn"]
[EventCountry "TUR"]
[SourceTitle "playchess.com"]
[Source "ChessBase"]
[SourceQuality "1"]

{[%evp 34,62,39,41,45,47,45,25,25,25,29,8,11,11,10,11,40,40,40,40,40,40,66,8,11,8,11,10,29,6,31]} 1. e4 e5 2. Nf3 Nc6 3. Nc3 Nf6 4. d4 exd4 5. Nxd4 Bb4 6. Nxc6 bxc6 7. Bd3 O-O 8. O-O d5 9. exd5 cxd5 10. Bg5 c6 11. Qf3 h6 12. Bxf6 Qxf6 13. Qxf6 gxf6 14. Ne2 Bd6 15. Nd4 {C47: Scotch Four Knights and Four Knights with 4 g3} c5 16. Nf5 Bxf5 17. Bxf5 Be5 18. Rad1 {LiveBook: 6 Games} Bxb2 19. Rxd5 Bd4 20. c3 Bxc3 21. Rxc5 Bd4 22. Rc4 Rfd8 23. Rfc1 Rab8 (23... Bb6 24. Rc8 Raxc8 25. Rxc8 Rxc8 26. Bxc8 {½-½ (26) Ganguly,S (2650)-Harikrishna,P (2744) Riadh 2017}) 24. Rc8 {[#]} Rdxc8 $146 (24... Kg7 {is interesting.} 25. Rxb8 Rxb8 26. Rd1 Bc5 27. Rd2 Rb5) 25. Rxc8+ Rxc8 26. Bxc8 $11 {[%mdl 4096] Endgame KB-KB} Kf8 27. Kf1 Ke7 28. Ba6 (28. Bg4 $14) 28... Bb6 29. Bc4 Bc5 30. Ke2 Bb6 31. g3 Bc5 {Precision: White = 42%, Black = 46%.} 1/2-1/2

[Event "TUR-chT Superleague 2018"]
[Site "Ankara"]
[Date "2018.08.03"]
[Round "10"]
[White "Sanal, Vahap"]
[Black "Korkmaz, Necmettin"]
[Result "1/2-1/2"]
[WhiteElo "2518"]
[BlackElo "2056"]
[Annotator "ChessBase"]
[PlyCount "197"]
[EventDate "2018.07.25"]
[EventType "team-tourn"]
[EventCountry "TUR"]
[SourceTitle "playchess.com"]
[Source "ChessBase"]
[SourceQuality "1"]
[TimeControl "40/5400+30:1800+30"]

1. e4 {[%emt 0:00:30]} e6 {[%emt 0:00:30]} 2. d4 {[%emt 0:00:30]} d5 {[%emt 0:00:00]} 3. Nd2 {[%emt 0:00:00]} Nf6 {[%emt 0:00:00]} 4. e5 {[%emt 0:00:00]} Nfd7 {[%emt 0:00:30]} 5. Bd3 {[%emt 0:00:00]} c5 {[%emt 0:00:30]} 6. c3 {[%emt 0:00:00]} Nc6 {[%emt 0:00:00]} 7. Ne2 {[%emt 0:00:30]} cxd4 {[%emt 0:00:00]} 8. cxd4 {[%emt 0:00:00]} f6 {[%emt 0:00:30]} 9. exf6 {[%emt 0:00:00]} Nxf6 {[%emt 0:00:00]} 10. Nf3 {[%emt 0:00:30]} Bd6 {[%emt 0:00:00]} 11. O-O {[%emt 0:00:00]} O-O {[%emt 0:00:30]} 12. Bf4 {[%emt 0:00:00]} Bxf4 {[%emt 0:00:00]} 13. Nxf4 {[%emt 0:00:30]} Ne4 {[%emt 0:00:00]} 14. Qc1 {[%emt 0:00:30]} Ng5 {[%emt 0:00:00]} 15. Nxg5 {[%emt 0:00:00]} Qxg5 {[%emt 0:00:00]} 16. Ne2 {[%emt 0:00:00]} Qf6 {[%emt 0:00:30]} 17. Qe3 {[%emt 0:00:30]} Bd7 {[%emt 0:00:30]} 18. Bb5 {[%emt 0:04:30]} Rae8 {[%emt 0:01:30]} 19. f4 {[%emt 0:08:30]} Nb8 {[%emt 0:00:30]} 20. Bd3 {[%emt 0:01:30]} Rc8 {[%emt 0:00:30]} 21. Rad1 {[%emt 0:01:30]} Nc6 {[%emt 0:00:00]} 22. Nc3 {[%emt 0:12:30]} a6 {[%emt 0:37:00]} 23. Bb1 {[%emt 0:02:30]} b5 {[%emt 0:00:30]} 24. Qh3 {[%emt 0:02:30]} g6 {[%emt 0:01:30]} 25. Qe3 {[%emt 0:02:30]} Ne7 {[%emt 0:05:30]} 26. Ne2 {[%emt 0:06:30]} b4 {[%emt 0:01:30]} 27. Nc1 {[%emt 0:07:30]} Nf5 {[%emt 0:02:30]} 28. Qd2 {[%emt 0:01:30]} a5 {[%emt 0:01:30]} 29. Bxf5 {[%emt 0:01:30]} Qxf5 {[%emt 0:00:30]} 30. Rf2 {[%emt 0:00:30]} Ba4 {[%emt 0:02:30]} 31. Nb3 {[%emt 0:01:30]} Bxb3 {[%emt 0:02:30]} 32. axb3 {[%emt 0:00:30]} Rc6 {[%emt 0:00:00]} 33. Qe3 {[%emt 0:02:30]} Rfc8 {[%emt 0:03:00]} 34. h3 {[%emt 0:01:30]} h5 {[%emt 0:08:30]} 35. Ra1 {[%emt 0:01:30]} Rc2 {[%emt 0:01:30]} 36. Rxa5 {[%emt 0:10:30]} Rxf2 {[%emt 0:02:30]} 37. Qxf2 {[%emt 0:00:00]} Rc1+ {[%emt 0:07:30]} 38. Kh2 {[%emt 0:00:00]} g5 {[%emt 0:00:30]} 39. Ra6 {[%emt 0:18:27]} Kf7 {[%emt 0:01:30]} 40. Qe2 {[%emt 0:00:00]} Qxf4+ {[%emt 0:02:30]} 41. g3 {[%emt 0:04:03]} Qf5 {[%emt 0:00:30]} 42. Qxh5+ {[%emt 0:05:30]} Ke7 {[%emt 0:00:30]} 43. Ra7+ {[%emt 0:00:30]} Kd6 {[%emt 0:00:30]} 44. Ra6+ {[%emt 0:00:00]} Kc7 {[%emt 0:02:30]} 45. Qf7+ {[%emt 0:00:00]} Qxf7 {[%emt 0:00:30]} 46. Ra7+ {[%emt 0:00:30]} Kd6 {[%emt 0:00:30]} 47. Rxf7 {[%emt 0:00:00]} Rc2+ {[%emt 0:01:30]} 48. Kg1 {[%emt 0:00:00]} Rxb2 {[%emt 0:00:00]} 49. Rb7 {[%emt 0:01:30]} Rxb3 {[%emt 0:00:00]} 50. Kf2 {[%emt 0:00:30]} Kc6 {[%emt 0:01:30]} 51. Rb8 {[%emt 0:00:00]} Kd7 {[%emt 0:02:30]} 52. Rb7+ {[%emt 0:01:00]} Kd6 {[%emt 0:00:30]} 53. h4 {[%emt 0:03:30]} gxh4 {[%emt 0:00:30]} 54. gxh4 {[%emt 0:00:30]} Rh3 {[%emt 0:00:30]} 55. Rxb4 {[%emt 0:00:30]} Rxh4 {[%emt 0:00:30]} 56. Ke3 {[%emt 0:00:00]} Rh3+ {[%emt 0:03:30]} 57. Kd2 {[%emt 0:00:00]} Ke7 {[%emt 0:02:30]} 58. Rb8 {[%emt 0:00:00]} Kf6 {[%emt 0:02:30]} 59. Rf8+ {[%emt 0:00:00]} Kg5 {[%emt 0:00:30]} 60. Ke2 {[%emt 0:00:30]} Rh4 {[%emt 0:03:30]} 61. Ke3 {[%emt 0:07:30]} Rh3+ {[%emt 0:02:30]} 62. Ke2 {[%emt 0:00:00]} Rh6 {[%emt 0:00:30]} 63. Ke3 {[%emt 0:00:00]} Rf6 {[%emt 0:00:30]} 64. Rg8+ {[%emt 0:00:30]} Kf5 {[%emt 0:00:30]} 65. Kf3 {[%emt 0:00:30]} Rf7 {[%emt 0:00:30]} 66. Ke3 {[%emt 0:00:30]} Kf6 {[%emt 0:00:30]} 67. Ra8 {[%emt 0:00:30]} Rb7 {[%emt 0:00:30]} 68. Rf8+ {[%emt 0:00:30]} Ke7 {[%emt 0:00:30]} 69. Rh8 {[%emt 0:00:00]} Rb3+ {[%emt 0:00:30]} 70. Ke2 {[%emt 0:00:00]} Kd7 {[%emt 0:00:00]} 71. Kd2 {[%emt 0:00:00]} Kc6 {[%emt 0:00:00]} 72. Re8 {[%emt 0:00:00]} Kb5 {[%emt 0:02:30]} 73. Rc8 {[%emt 0:01:30]} Ra3 {[%emt 0:08:30]} 74. Rc5+ {[%emt 0:00:30]} Kb4 {[%emt 0:01:30]} 75. Rc6 {[%emt 0:00:30]} Rh3 {[%emt 0:03:30]} 76. Rc8 {[%emt 0:00:30]} Kb5 {[%emt 0:02:29]} 77. Rc7 {[%emt 0:00:30]} Kb6 {[%emt 0:00:11]} 78. Rc8 {[%emt 0:00:30]} Rh7 {[%emt 0:00:00]} 79. Ke3 {[%emt 0:00:30]} Rc7 {[%emt 0:01:03]} 80. Re8 {[%emt 0:00:00]} Rc6 {[%emt 0:04:46]} 81. Re7 {[%emt 0:01:00]} Rc3+ {[%emt 0:01:06]} 82. Kd2 {[%emt 0:00:30]} Rh3 {[%emt 0:00:38]} 83. Re8 {[%emt 0:00:30]} Rh6 {[%emt 0:00:25]} 84. Rc8 {[%emt 0:00:30]} Kb7 {[%emt 0:00:47]} 85. Rc1 {[%emt 0:00:30]} Rh8 {[%emt 0:00:12]} 86. Ke3 {[%emt 0:00:30]} Rc8 {[%emt 0:02:21]} 87. Rh1 {[%emt 0:00:00]} Kc7 {[%emt 0:00:02]} 88. Kd3 {[%emt 0:01:00]} Kd6 {[%emt 0:00:30]} 89. Rh7 {[%emt 0:00:00]} Rg8 {[%emt 0:00:41]} 90. Ra7 {[%emt 0:00:00]} Rg3+ {[%emt 0:00:51]} 91. Kd2 {[%emt 0:00:00]} Rg5 {[%emt 0:01:13]} 92. Ke3 {[%emt 0:01:00]} Rh5 {[%emt 0:00:45]} 93. Rg7 {[%emt 0:00:00]} Rh4 {[%emt 0:00:27]} 94. Kd3 {[%emt 0:00:00]} Rh6 {[%emt 0:01:20]} 95. Ke3 {[%emt 0:00:30]} e5 {[%emt 0:00:14]} 96. dxe5+ {[%emt 0:00:30]} Kxe5 {[%emt 0:00:30]} 97. Re7+ {[%emt 0:00:00]} Kd6 {[%emt 0:00:11]} 98. Ra7 {[%emt 0:00:00]} Rh4 {[%emt 0:00:44]} 99. Kd3 {[%emt 0:00:30]} 1/2-1/2

[Event "TUR-chT Superleague 2018"]
[Site "Ankara"]
[Date "2018.08.03"]
[Round "10"]
[White "Esen, Baris"]
[Black "Gok, Ozan Berkay"]
[Result "1-0"]
[WhiteElo "2487"]
[BlackElo "1756"]
[Annotator "TA"]
[PlyCount "87"]
[EventDate "2018.07.25"]
[EventType "team-tourn"]
[EventCountry "TUR"]
[SourceTitle "playchess.com"]
[Source "ChessBase"]
[SourceQuality "1"]

{[%evp 22,87,39,10,34,0,32,0,4,-16,17,7,21,28,25,28,45,16,45,10,50,28,33,41,41,16,55,47,54,37,91,45,86,86,86,86,86,86,86,86,86,86,76,83,86,86,89,77,113,110,94,99,667,645,645,619,807,812,812,770,772,632,781,667,591,524,692,689]} 1. d4 d5 2. c4 c6 3. Nf3 Nf6 4. Nc3 e6 5. e3 Nbd7 6. Bd3 Be7 7. O-O O-O 8. e4 dxe4 9. Nxe4 Nxe4 10. Bxe4 Nf6 11. Bc2 c5 12. Qe2 {LiveBook: 4 Partien. D46: Damengambit (Halbslawisch)} (12. Qd3 cxd4 13. Bg5 g6 14. Rad1 a6 15. Rfe1 Qb6 16. Nxd4 Rd8 17. Qf3 Kg7 18. Bh6+ Kg8 19. Bg5 Kg7 20. Qc3 {1-0 (75) Khatoev,E (2427)-Mokshanov,A (2461) Loo 2015}) 12... Qc7 13. dxc5 Qxc5 14. Be3 {Weiß steht etwas besser.} Qh5 15. Bd4 $146 ({Vorgänger:} 15. Nd4 Qxe2 16. Nxe2 e5 17. h3 b6 18. Rfd1 Bb7 19. Ng3 g6 20. Bg5 {½-½ (42) Vo,P-Tugstumur,Y (1612) Durban 2014}) 15... Bd7 16. Qe5 Bc6 17. Qxh5 Nxh5 18. Ne5 Rfd8 19. Be3 Nf6 20. Rfd1 a6 21. Bb6 (21. Nxc6 {keeps more tension.} bxc6 22. b3 g6 23. Bb6 Rd7 24. g3) 21... Rxd1+ 22. Rxd1 Rc8 23. a3 g6 24. b4 Kf8 25. f3 {[%cal Bf2f3,Bf3e4,Be4e5][%mdl 32]} Ne8 ({Günstiger ist} 25... Ke8 $14) 26. Nxc6 Rxc6 27. c5 {zielt auf Td7 ab.} Nf6 28. Be4 Nxe4 29. fxe4 $16 {[%mdl 4096] Endspiel KTL-KTL} Ke8 {[#]} 30. e5 $1 Rc8 31. Kf2 h5 32. Ke3 Bg5+ 33. Ke4 Be7 34. Rd4 Bf8 35. a4 {[%cal Ba3a4,Ba4a5][%mdl 32]} Be7 36. b5 {[%cal Bb4b5,Bb5a6,Ba6a7][%mdl 32]} Bf8 $2 {[%mdl 8192] [#]} (36... g5 $16) 37. c6 $1 $18 {[%cal Rc6b7][%mdl 512] Weiß steht klar auf Gewinn.} bxc6 38. bxa6 Ra8 39. a7 {Und weiter mit Td8+ wäre nett.} Be7 40. a5 c5 41. Rd1 h4 42. h3 g5 43. Rd2 c4 44. Kd4 {Precision: Weiß = 59%, Schwarz = 27%.} 1-0

[Event "TUR-chT Superleague 2018"]
[Site "Ankara"]
[Date "2018.08.03"]
[Round "10"]
[White "Kanmazalp, Ogulcan"]
[Black "Triapishko, Alexandr"]
[Result "0-1"]
[WhiteElo "2481"]
[BlackElo "2502"]
[Annotator "ChessBase"]
[PlyCount "66"]
[EventDate "2018.07.25"]
[EventType "team-tourn"]
[EventCountry "TUR"]
[SourceTitle "playchess.com"]
[Source "ChessBase"]
[SourceQuality "1"]
[TimeControl "40/5400+30:1800+30"]

1. e4 {[%emt 0:00:30]} e5 {[%emt 0:00:30]} 2. Nf3 {[%emt 0:00:30]} Nc6 {[%emt 0:00:00]} 3. Nc3 {[%emt 0:00:00]} Nf6 {[%emt 0:01:00]} 4. d4 {[%emt 0:00:00]} Bb4 {[%emt 0:00:30]} 5. Nxe5 {[%emt 0:00:30]} Qe7 {[%emt 0:01:30]} 6. Qd3 {[%emt 0:00:30]} Nxd4 {[%emt 0:07:30]} 7. Qxd4 {[%emt 0:00:30]} Bc5 {[%emt 0:00:00]} 8. Qd3 {[%emt 0:10:30]} Qxe5 {[%emt 0:00:00]} 9. f4 {[%emt 0:00:00]} Qe7 {[%emt 0:17:30]} 10. Be2 {[%emt 0:09:00]} d6 {[%emt 0:00:30]} 11. Bd2 {[%emt 0:06:30]} O-O {[%emt 0:07:30]} 12. O-O-O {[%emt 0:00:00]} c6 {[%emt 0:08:30]} 13. h3 {[%emt 0:10:00]} b5 {[%emt 0:03:30]} 14. Bf3 {[%emt 0:01:30]} Be6 {[%emt 0:07:30]} 15. Be3 {[%emt 0:00:30]} Bc4 {[%emt 0:03:30]} 16. Qd2 {[%emt 0:00:00]} b4 {[%emt 0:14:30]} 17. Na4 {[%emt 0:27:00]} Bxe3 {[%emt 0:01:30]} 18. Qxe3 {[%emt 0:00:30]} Bb5 {[%emt 0:05:19]} 19. b3 {[%emt 0:03:30]} Bxa4 {[%emt 0:02:54]} 20. bxa4 {[%emt 0:00:30]} d5 {[%emt 0:03:42]} 21. Rhe1 {[%emt 0:01:30]} Rfe8 {[%emt 0:00:44]} 22. g4 {[%emt 0:02:30]} dxe4 {[%emt 0:08:36]} 23. g5 {[%emt 0:00:00]} b3 {[%emt 0:00:37]} 24. gxf6 {[%emt 0:17:37]} Qa3+ {[%emt 0:00:09]} 25. Kd2 {[%emt 0:00:00]} Qb4+ {[%emt 0:01:28]} 26. c3 {[%emt 0:02:53]} Qd6+ {[%emt 0:00:19]} 27. Qd4 {[%emt 0:02:10]} Qxf4+ {[%emt 0:00:30]} 28. Qe3 {[%emt 0:00:00]} Qd6+ {[%emt 0:00:47]} 29. Qd4 {[%emt 0:00:01]} Qh2+ {[%emt 0:02:29]} 30. Re2 {[%emt 0:00:45]} Qf4+ {[%emt 0:00:08]} 31. Ke1 {[%emt 0:00:04]} Qxf3 {[%emt 0:00:14]} 32. axb3 {[%emt 0:00:43]} e3 {[%emt 0:00:55]} 33. Rc2 {[%emt 0:02:03]} e2 {[%emt 0:00:15]} 0-1

[Event "TUR-chT Superleague 2018"]
[Site "Ankara"]
[Date "2018.08.03"]
[Round "10"]
[White "Yilmazyerli, Mert"]
[Black "Can, Emre"]
[Result "1/2-1/2"]
[WhiteElo "2458"]
[BlackElo "2605"]
[Annotator "TA"]
[PlyCount "34"]
[EventDate "2018.07.25"]
[EventType "team-tourn"]
[EventCountry "TUR"]
[SourceTitle "playchess.com"]
[Source "ChessBase"]
[SourceQuality "1"]

{[%evp 20,34,0,0,0,0,0,0,0,0,0,0,0,0,0,0,0]} 1. Nf3 d5 2. g3 g6 3. Bg2 Bg7 4. c4 dxc4 5. Qa4+ Nc6 6. O-O e5 7. Nxe5 {A07: Réti Opening: New York and Capablanca Systems} Bxe5 8. Bxc6+ bxc6 9. Qxc6+ Bd7 10. Qe4 f6 11. f4 {LiveBook: 26 Games. The position is equal.} Bh3 {[#] And now ...Qd4+ would win.} (11... Bf5 12. Qe3 Qd4 13. fxe5 Qxe3+ 14. dxe3 fxe5 {1-0 (29) Kramnik,V (2812)-So,W (2770) Paris 2016}) 12. Rf2 Bf5 13. Qc6+ $146 ({Don't go for} 13. Qxc4 $2 Bd4 $19) ({Predecessor:} 13. Qe3 Nh6 14. fxe5 Ng4 {1-0 (69) Yukhtman,J-Levin,N Minsk (Belarus) 1957}) 13... Bd7 14. Qe4 Bf5 15. Qc6+ $1 ({Don't blunder} 15. Qxc4 $2 Bd4 $19) 15... Bd7 16. Qe4 Bf5 17. Qc6+ $1 ({Avoid the trap} 17. Qxc4 $2 Bd4 $19) 17... Bd7 1/2-1/2

[Event "TUR-chT Superleague 2018"]
[Site "Ankara"]
[Date "2018.08.03"]
[Round "10"]
[White "Ivic, Velimir"]
[Black "Erturan, Yakup"]
[Result "1/2-1/2"]
[WhiteElo "2456"]
[BlackElo "2378"]
[Annotator "ChessBase"]
[PlyCount "111"]
[EventDate "2018.07.25"]
[EventType "team-tourn"]
[EventCountry "TUR"]
[SourceTitle "playchess.com"]
[Source "ChessBase"]
[SourceQuality "1"]
[TimeControl "40/5400+30:1800+30"]

1. e4 {[%emt 0:00:30]} c5 {[%emt 0:01:30]} 2. Nf3 {[%emt 0:00:30]} Nc6 {[%emt 0:00:30]} 3. d4 {[%emt 0:00:30]} cxd4 {[%emt 0:00:00]} 4. Nxd4 {[%emt 0:00:00]} g6 {[%emt 0:00:00]} 5. c4 {[%emt 0:00:00]} Bg7 {[%emt 0:00:30]} 6. Nc2 {[%emt 0:00:00]} d6 {[%emt 0:03:30]} 7. Be2 {[%emt 0:00:00]} Nf6 {[%emt 0:04:30]} 8. Nc3 {[%emt 0:00:30]} O-O {[%emt 0:03:30]} 9. O-O {[%emt 0:00:30]} Be6 {[%emt 0:04:30]} 10. Bd2 {[%emt 0:00:00]} Nd7 {[%emt 0:03:30]} 11. Rc1 {[%emt 0:01:00]} a5 {[%emt 0:02:30]} 12. Na3 {[%emt 0:06:30]} Nc5 {[%emt 0:03:30]} 13. Nab5 {[%emt 0:13:30]} Ne5 {[%emt 0:15:30]} 14. b3 {[%emt 0:09:30]} Ned3 {[%emt 0:17:30]} 15. Rb1 {[%emt 0:06:30]} Ne5 {[%emt 0:10:30]} 16. Be3 {[%emt 0:03:30]} Bd7 {[%emt 0:09:41]} 17. f4 {[%emt 0:06:30]} Bxb5 {[%emt 0:01:09]} 18. Nxb5 {[%emt 0:01:30]} Nc6 {[%emt 0:00:26]} 19. e5 {[%emt 0:03:30]} Na7 {[%emt 0:02:33]} 20. Nxa7 {[%emt 0:19:30]} Rxa7 {[%emt 0:00:04]} 21. exd6 {[%emt 0:00:30]} Qxd6 {[%emt 0:00:28]} 22. Bf3 {[%emt 0:01:30]} Qc7 {[%emt 0:03:50]} 23. Qe2 {[%emt 0:08:06]} Rd8 {[%emt 0:02:16]} 24. Rbd1 {[%emt 0:01:44]} b6 {[%emt 0:00:25]} 25. Qc2 {[%emt 0:09:10]} Rxd1 {[%emt 0:05:23]} 26. Rxd1 {[%emt 0:00:14]} Qc8 {[%emt 0:02:48]} 27. a3 {[%emt 0:03:11]} Rd7 {[%emt 0:00:59]} 28. b4 {[%emt 0:02:15]} Rxd1+ {[%emt 0:00:14]} 29. Qxd1 {[%emt 0:00:06]} axb4 {[%emt 0:02:07]} 30. axb4 {[%emt 0:00:30]} Qe6 {[%emt 0:00:15]} 31. Qd2 {[%emt 0:01:24]} Ne4 {[%emt 0:00:44]} 32. Qd8+ {[%emt 0:00:36]} Bf8 {[%emt 0:00:01]} 33. Qd5 {[%emt 0:00:15]} Qxd5 {[%emt 0:01:11]} 34. cxd5 {[%emt 0:00:30]} Nc3 {[%emt 0:00:30]} 35. Bd4 {[%emt 0:00:30]} Na2 {[%emt 0:00:30]} 36. b5 {[%emt 0:00:30]} Bg7 {[%emt 0:00:30]} 37. Bxb6 {[%emt 0:00:30]} Nc3 {[%emt 0:00:30]} 38. Bc5 {[%emt 0:00:30]} Nxb5 {[%emt 0:00:30]} 39. Bxe7 {[%emt 0:00:30]} Bf8 {[%emt 0:00:00]} 40. Bf6 {[%emt 0:00:00]} Bg7 {[%emt 0:00:00]} 41. Bd8 {[%emt 0:10:59]} Kf8 {[%emt 0:02:56]} 42. Kf1 {[%emt 0:02:30]} Ke8 {[%emt 0:00:00]} 43. Bh4 {[%emt 0:00:30]} Kd7 {[%emt 0:00:00]} 44. Ke2 {[%emt 0:00:30]} Nd4+ {[%emt 0:04:30]} 45. Kd3 {[%emt 0:05:21]} Nxf3 {[%emt 0:01:30]} 46. gxf3 {[%emt 0:00:30]} f5 {[%emt 0:00:00]} 47. Bf2 {[%emt 0:00:14]} Bb2 {[%emt 0:00:00]} 48. Bd4 {[%emt 0:01:15]} Bc1 {[%emt 0:00:30]} 49. Be3 {[%emt 0:01:58]} Bb2 {[%emt 0:01:30]} 50. Kc4 {[%emt 0:00:31]} Ba3 {[%emt 0:00:30]} 51. Bd2 {[%emt 0:01:48]} Bd6 {[%emt 0:00:30]} 52. Kd4 {[%emt 0:00:46]} Bc7 {[%emt 0:00:30]} 53. Ke3 {[%emt 0:00:49]} Bb6+ {[%emt 0:01:30]} 54. Kd3 {[%emt 0:00:30]} Bc7 {[%emt 0:00:00]} 55. Kc4 {[%emt 0:06:25]} Bb8 {[%emt 0:00:00]} 56. Kd4 {[%emt 0:01:24]} 1/2-1/2